| 000 | 00628nam a2200121Ia 4500 | ||
|---|---|---|---|
| 008 | 220615s9999||||xx |||||||||||||| ||und|| | ||
| 245 | 0 |
_aLanguage-Learner Computer Interactions _bTheory, methodology and CALL applications |
|
| 546 | _aEnglish[eng] | ||
| 650 | _aLinguistics||CALL||Language Learning||Language Pedagogy||Language Acquisition | ||
| 700 | _aCaws, Catherine||Hamel, Marie-Josée | ||
| 856 | _uhttps://library.oapen.org/bitstream/20.500.12657/25981/1/1004100.pdf||https://library.oapen.org/bitstream/20.500.12657/25981/1/1004100.pdf||https://library.oapen.org/bitstream/20.500.12657/25981/1/1004100.pdf | ||
| 942 | _cEB | ||
| 999 |
_c12604 _d12604 |
||